Action Films - Sudden Death - Statistics

General Stats
  • This quiz has been taken 957 times
    189 since last reset
  • The average score is 8 of 19
Answers on the Grid
Answers color-coded by a green-red scale on the quiz's grid according to % correct below.
Die Hard
Commando
Lethal Weapon
28 Days Later
Missing in Action
Lost in Translation
Red Scorpion
Boiling Point
In the Earth
First Blood
Crank
Slumdog Millionaire
Kiss of the Dragon
Romeo Must Die
Skinamarink
Machete
Unleashed
Maestro
127 Hours
Jolt
A Few Good Men
Fast & Furious
Battle Royale
Double Impact
Swing Shift
The Hitman
Outlander
Ghost
Striptease
The Expendables
 
Answer Stats
Answer % Correct
Die Hard
84%
Fast & Furious
68%
Lethal Weapon
67%
First Blood
58%
Commando
56%
The Hitman
56%
The Expendables
50%
Machete
49%
Battle Royale
41%
Double Impact
36%
Missing in Action
36%
Crank
34%
Kiss of the Dragon
31%
Red Scorpion
31%
Romeo Must Die
29%
Unleashed
26%
Boiling Point
25%
Outlander
25%
Jolt
15%
No matching quizzes found
Score Distribution
Percent of People with Each Score
Percentile by Number Answered
Your Score History
You have not taken this quiz since the last reset